[Event "The Frying of Many Livers"]
[Site "SchemingMind.com"]
[Date "2008.02.07"]
[Round "-"]
[White "safoocat"]
[Black "capablanca"]
[Result "0-1"]
[WhiteCountry "USA"]
[BlackCountry "GER"]
[WhiteElo "1420"]
[WhiteRD "84"]
[BlackElo "1762"]
[BlackRD "69"]
[GameID "140825"]

1. e4 e5 2. Nf3 Nc6 3. Bc4 Nf6 4. Ng5 d5 5. exd5 Nxd5 6. Nxf7 Kxf7 7. Qf3+ Ke6 8. Nc3 Nb4 9. Bxd5+ Nxd5 10. Nxd5 Qxd5
11. Qxd5+ Kxd5 12. d3 Bc5 13. Be3 Bxe3 14. fxe3 Rf8 15. O-O-O Be6 16. e4+ Kc6 17. g3 Rf2 18. a3 Bh3
0-1

[Event "The Frying of Many Livers"]
[Site "SchemingMind.com"]
[Date "2008.02.07"]
[Round "-"]
[White "M. Clark"]
[Black "capablanca"]
[Result "0-1"]
[WhiteCountry "USA"]
[BlackCountry "GER"]
[WhiteElo "1352"]
[WhiteRD "74"]
[BlackElo "1762"]
[BlackRD "69"]
[GameID "140826"]

1. e4 e5 2. Nf3 Nc6 3. Bc4 Nf6 4. Ng5 d5 5. exd5 Nxd5 6. Nxf7 Kxf7 7. Qe2 Be6 8. Qf3+ Nf6 9. O-O Bxc4 10. d3 Bd5
11. Bg5 Bxf3 12. Nd2 Bxg2 13. Kxg2 Qd5+ 14. f3 Nd4 15. c4 Qc6 16. a3 Nh5 17. Kh3 Qe6+ 18. Kh4 g6 19. Ne4 Nf5+
0-1

[Event "The Frying of Many Livers"]
[Site "SchemingMind.com"]
[Date "2008.02.09"]
[Round "-"]
[White "Negrito19"]
[Black "capablanca"]
[Result "0-1"]
[WhiteCountry "ARG"]
[BlackCountry "GER"]
[WhiteElo "1610"]
[WhiteRD "63"]
[BlackElo "1762"]
[BlackRD "69"]
[GameID "140908"]

1. e4 e5 2. Nf3 Nc6 3. Bc4 Nf6 4. Ng5 d5 5. exd5 Nxd5 6. Nxf7 Kxf7 7. Qf3+ Ke6 8. O-O Nd4 9. Qe4 b5 10. c3 Nf3+
11. Qxf3 bxc4 12. b3 Qf6 13. Qe4 Qf4 14. Qxf4 Nxf4 15. d4 cxd3 16. Re1 Ne2+ 17. Kh1 Bc5 18. Be3 Bxe3 19. fxe3 Bb7 20. Rd1 e4
21. Nd2 Nxc3 22. Rdc1 Nb5 23. Nxe4 Bxe4 24. a4 Nd6 25. Rxc7 g5 26. h3 Rhf8 27. Kg1 Rf7 28. Rc5 Nf5 29. Re1 d2 30. Rd1 Rd8
31. Kf2 Nd4+ 32. Kg3 Nxb3 33. Rxg5 Bc2 34. Rg1 d1=Q 35. Rxd1 Bxd1 36. Rb5 Nd2 37. h4 Rg8+ 38. Kh2 Rf2 39. Rg5 Rxg5 40. hxg5 Bf3
41. Kh3 Rxg2 42. Kh4 Ne4 43. a5 Rxg5 44. a6 Rh5#
0-1

[Event "The Frying of Many Livers"]
[Site "SchemingMind.com"]
[Date "2008.02.08"]
[Round "-"]
[White "Negrito19"]
[Black "Dr_Pat"]
[Result "1-0"]
[WhiteCountry "ARG"]
[BlackCountry "USA"]
[WhiteElo "1629"]
[WhiteRD "66"]
[BlackElo "1722"]
[BlackRD "54"]
[GameID "140909"]

1. e4 e5 2. Nf3 Nc6 3. Bc4 Nf6 4. Ng5 d5 5. exd5 Nxd5 6. Nxf7 Kxf7 7. Qf3+ Ke6 8. Nc3 Nb4 9. O-O c6 10. Re1 Nxc2
11. Qg4+ Kf7 12. Qf3+ Kg8 13. Rxe5
1-0

[Event "The Frying of Many Livers"]
[Site "SchemingMind.com"]
[Date "2008.02.12"]
[Round "-"]
[White "Negrito19"]
[Black "marble"]
[Result "0-1"]
[WhiteCountry "ARG"]
[BlackCountry "ENG"]
[WhiteElo "1610"]
[WhiteRD "63"]
[BlackElo "1634"]
[BlackRD "55"]
[GameID "140910"]

1. e4 e5 2. Nf3 Nc6 3. Bc4 Nf6 4. Ng5 d5 5. exd5 Nxd5 6. Nxf7 Kxf7 7. Qf3+ Ke6 8. Nc3 Nd4 9. Qg4+ Kd6 10. Qe4 c6
11. Nxd5 cxd5 12. Qxd5+ Kc7 13. Qxe5+ Qd6 14. Qe4 Bf5 15. Qd5 Qxd5 16. Bxd5 Nxc2+ 17. Kd1 Nxa1 18. Bb3 Nxb3 19. axb3 Bd3 20. Re1 Bc5
21. f3 Rhe8 22. Rh1 Re6 23. h4 Rae8 24. b4 Bxb4 25. b3 Re5 26. Bb2 Ra5 27. Bxg7 h6 28. g4 Ra2 29. Rh2 Bc2+ 30. Kc1 Re1#
0-1

[Event "The Frying of Many Livers"]
[Site "SchemingMind.com"]
[Date "2008.02.08"]
[Round "-"]
[White "Negrito19"]
[Black "Clive Everill"]
[Result "0-1"]
[WhiteCountry "ARG"]
[BlackCountry "CZE"]
[WhiteElo "1610"]
[WhiteRD "63"]
[BlackElo "1680"]
[BlackRD "52"]
[GameID "140911"]

1. e4 e5 2. Nf3 Nc6 3. Bc4 Nf6 4. Ng5 d5 5. exd5 Nxd5 6. Nxf7 Kxf7 7. Qf3+ Ke6 8. a3 Nd4 9. Qe4 c6 10. c3 Nf5
11. d4 Qf6 12. Bf4 Bd6 13. Nd2 g5 14. Bg3 Nxg3 15. fxg3 b5 16. Rf1 Qg6 17. Rf5 Qxf5 18. Qxf5+ Kxf5 19. Bd3+ Kf6 20. O-O-O Ne3
21. Ne4+ Ke7 22. dxe5 Nxd1 23. Kxd1 Bxe5 24. Nxg5 Bg4+ 25. Kc2 h6 26. Nf3 Bg7 27. h3 Be6 28. Be4 Bd5 29. Bd3 a5 30. b3 b4
31. c4 Bf7 32. axb4 axb4 33. Be4 Ra2+ 34. Kd3 Rxg2 35. g4 Rd8+ 36. Ke3 Rb2 37. Bxc6 Rxb3+ 38. Ke4 Bg6+ 39. Kf4 Bf6 40. h4 Rc3
41. Bb5 Rdd3 42. Bc6 Rxc4+ 43. Kg3 Rxc6 44. g5 hxg5 45. hxg5 Be5+ 46. Kf2 Rc2+
0-1

[Event "The Frying of Many Livers"]
[Site "SchemingMind.com"]
[Date "2008.02.12"]
[Round "-"]
[White "Negrito19"]
[Black "matizccc"]
[Result "1-0"]
[WhiteCountry "ARG"]
[BlackCountry "ROU"]
[WhiteElo "1610"]
[WhiteRD "63"]
[BlackElo "1745"]
[BlackRD "69"]
[GameID "140912"]

1. e4 e5 2. Nf3 Nc6 3. Bc4 Nf6 4. Ng5 d5 5. exd5 Nxd5 6. Nxf7 Kxf7 7. Qf3+ Ke8 8. Bxd5 Qf6 9. Qb3 Nd4 10. Qd3 Bf5
11. Be4 Bc5 12. c3 Bxe4 13. Qxe4 Nc6 14. d4 Bd6 15. f4 Rf8 16. O-O Ne7 17. Be3 Qh4 18. dxe5 Ng6 19. exd6+ Kd7 20. g3 Qf6
21. Na3 cxd6 22. Qxb7+ Ke6 23. Bd4 Qf7 24. f5+ Qxf5 25. Rxf5
1-0

[Event "The Frying of Many Livers"]
[Site "SchemingMind.com"]
[Date "2008.02.12"]
[Round "-"]
[White "Negrito19"]
[Black "lemmie"]
[Result "0-1"]
[WhiteCountry "ARG"]
[BlackCountry "NED"]
[WhiteElo "1610"]
[WhiteRD "63"]
[BlackElo "1768"]
[BlackRD "55"]
[GameID "140913"]

1. e4 e5 2. Nf3 Nc6 3. Bc4 Nf6 4. Ng5 d5 5. exd5 Nxd5 6. Nxf7 Kxf7 7. Qf3+ Ke6 8. Nc3 Nb4 9. Bb3 c6 10. a3 Na6
11. O-O Bc5 12. Re1 Rf8 13. Qg4+ Kf7 14. Qf3+ Kg8 15. Qe4 Bxf2+ 16. Kh1 Bxe1 17. Qxe1 Qh4 18. g3 Qh3 19. Kg1 Be6 20. d3 Rf3
21. Ne4 Raf8 22. Bd2 Qh5 23. Ng5 Rf2 24. h4 Re2 25. Qd1 Rff2 26. Bxd5 Bxd5 27. c4 Rg2+ 28. Kf1 Rh2 29. Be3 Bg2+ 30. Kg1 Rh1#
0-1

[Event "The Frying of Many Livers"]
[Site "SchemingMind.com"]
[Date "2008.02.12"]
[Round "-"]
[White "Negrito19"]
[Black "safoocat"]
[Result "1-0"]
[WhiteCountry "ARG"]
[BlackCountry "USA"]
[WhiteElo "1647"]
[WhiteRD "64"]
[BlackElo "1461"]
[BlackRD "82"]
[GameID "140914"]

1. e4 e5 2. Nf3 Nc6 3. Bc4 Nf6 4. Ng5 d5 5. exd5 Nxd5 6. Nxf7 Kxf7 7. Qf3+ Ke6 8. Nc3 Nb4 9. Qe4 c6 10. a3 Nxc2+
11. Qxc2 Qh4 12. Bxd5+ cxd5 13. g3 Qc4 14. d3 Qc6 15. O-O g6 16. Re1 Bg7 17. f4 Kd6 18. b4 b5 19. a4 d4 20. Nxb5+ Kd7
21. Qxc6+ Kxc6 22. fxe5 Rd8 23. Bb2 Rd5 24. Nxd4+ Kc7 25. Nb5+ Kd8 26. Re3 Bh6 27. Rf3 Be6 28. Rf6 Ke7 29. Nc7 Rxd3 30. Nxa8 Be3+
31. Kf1 Bh3+ 32. Ke2 Rb3 33. Bc1 Bg4+ 34. Ke1 Rc3 35. Bxe3 Rxe3+ 36. Kd2 Rxe5 37. Rf4 h5 38. Re1 Rxe1 39. Kxe1
1-0

[Event "The Frying of Many Livers"]
[Site "SchemingMind.com"]
[Date "2008.02.08"]
[Round "-"]
[White "Negrito19"]
[Black "M. Clark"]
[Result "1-0"]
[WhiteCountry "ARG"]
[BlackCountry "USA"]
[WhiteElo "1647"]
[WhiteRD "64"]
[BlackElo "1336"]
[BlackRD "78"]
[GameID "140915"]

1. e4 e5 2. Nf3 Nc6 3. Bc4 Nf6 4. Ng5 d5 5. exd5 Nxd5 6. Nxf7 Kxf7 7. Qf3+ Ke6 8. Nc3 Qf6 9. Qxd5+ Ke7 10. Ne4 Be6
11. Nxf6 Bxd5 12. Nxd5+ Kd6 13. O-O Na5 14. d3 c6 15. Ne3
1-0

[Event "The Frying of Many Livers"]
[Site "SchemingMind.com"]
[Date "2008.02.12"]
[Round "-"]
[White "capablanca"]
[Black "Negrito19"]
[Result "1-0"]
[WhiteCountry "GER"]
[BlackCountry "ARG"]
[WhiteElo "1762"]
[WhiteRD "69"]
[BlackElo "1610"]
[BlackRD "63"]
[GameID "140917"]

1. e4 e5 2. Nf3 Nc6 3. Bc4 Nf6 4. Ng5 d5 5. exd5 Nxd5 6. Nxf7 Kxf7 7. Qf3+ Ke6 8. Nc3 Nb4 9. Qe4 c6 10. a3 b5
11. Bb3 Na6 12. d4 Bd6 13. f4 Kd7 14. fxe5 Nxc3 15. bxc3 Be7 16. e6+ Kc7 17. Bf4+ Bd6 18. O-O Bxf4 19. Rxf4 Re8 20. Rf7+ Bd7
21. Qf4+ Kc8 22. exd7+ Qxd7 23. Rxd7 Kxd7 24. Qf7+ Re7 25. Qf5+ Kd8 26. Qf8+ Re8 27. Qd6+ Kc8 28. Qxc6+ Nc7 29. d5 a6 30. d6 Ra7
31. d7+ Kd8 32. dxe8=Q+ Nxe8 33. Rd1+ Ke7 34. Re1+ Kf8 35. Qxe8#
1-0

[Event "The Frying of Many Livers"]
[Site "SchemingMind.com"]
[Date "2008.02.12"]
[Round "-"]
[White "Dr_Pat"]
[Black "Negrito19"]
[Result "1-0"]
[WhiteCountry "USA"]
[BlackCountry "ARG"]
[WhiteElo "1825"]
[WhiteRD "51"]
[BlackElo "1610"]
[BlackRD "63"]
[GameID "140918"]

1. e4 e5 2. Nf3 Nc6 3. Bc4 Nf6 4. Ng5 d5 5. exd5 Nxd5 6. Nxf7 Kxf7 7. Qf3+ Ke6 8. Nc3 Nd4 9. Bxd5+ Kd6 10. Qd3 Qf6
11. Ne4+ Ke7 12. Nxf6 Kxf6 13. c3 Bf5 14. Be4 Bxe4 15. Qxe4 Nc6 16. f4 Bd6 17. fxe5+ Nxe5 18. O-O+ Ke6 19. d4 Rae8 20. dxe5 Bxe5
21. Qf5+ Kd6 22. Rd1+ Ke7 23. Rd7#
1-0

[Event "The Frying of Many Livers"]
[Site "SchemingMind.com"]
[Date "2008.02.12"]
[Round "-"]
[White "marble"]
[Black "Negrito19"]
[Result "1-0"]
[WhiteCountry "ENG"]
[BlackCountry "ARG"]
[WhiteElo "1634"]
[WhiteRD "55"]
[BlackElo "1610"]
[BlackRD "63"]
[GameID "140919"]

1. e4 e5 2. Nf3 Nc6 3. Bc4 Nf6 4. Ng5 d5 5. exd5 Nxd5 6. Nxf7 Kxf7 7. Qf3+ Ke6 8. Nc3 Nb4 9. Qe4 c6 10. d4 Qf6
11. a3 b5 12. Bb3 Na6 13. Nxd5 cxd5 14. Qxd5+ Ke7 15. dxe5 Qe6 16. Bg5+ Kf7 17. Qxa8 Nc7 18. Bxe6+ Bxe6 19. Qxa7 Kg6 20. h4 Nd5
21. Bd2 h5 22. O-O-O Be7 23. Qa6 Nc7 24. Qc6 Bd8 25. Ba5 Nd5 26. Qxe6+ Kh7 27. Rxd5 Bxa5 28. Qf5+ Kg8 29. Rxb5 Bc7 30. Qc8+ Bd8
31. Qxd8+ Kh7 32. Qd3+ Kg8 33. Rb8+ Kf7 34. Rxh8 Ke6 35. Rf8 Ke7 36. Qd6#
1-0

[Event "The Frying of Many Livers"]
[Site "SchemingMind.com"]
[Date "2008.02.12"]
[Round "-"]
[White "Clive Everill"]
[Black "Negrito19"]
[Result "0-1"]
[WhiteCountry "CZE"]
[BlackCountry "ARG"]
[WhiteElo "1669"]
[WhiteRD "47"]
[BlackElo "1647"]
[BlackRD "64"]
[GameID "140920"]

1. e4 e5 2. Nf3 Nc6 3. Bc4 Nf6 4. Ng5 d5 5. exd5 Nxd5 6. Nxf7 Kxf7 7. Qf3+ Ke6 8. Nc3 Nb4 9. Qe4 c6 10. d4 Bd6
11. f4 Nxc2+ 12. Qxc2 exf4 13. O-O Rf8 14. Nxd5 cxd5 15. Re1+ Kf6 16. Bxd5 Bb4 17. Qc4 Bxe1 18. Bxf4 Bh4 19. Be5+ Kg6 20. Be4+ Bf5
21. Qe6+ Bf6 22. Qxf5+ Kf7 23. g4 g6 24. Qf3 Kg7 25. Bxf6+ Rxf6 26. Qc3 Rc8 27. Qd3 Rd6 28. Rd1 Qb6 29. b3 Rcd8 30. Qc3 Rxd4
31. Rxd4 Rxd4 32. Kg2 Kh6 33. Qh3+ Kg7 34. Qc3 Kf7 35. Qf3+ Ke7 36. Bxb7 Rd2+ 37. Kh3 Qd6 38. Qe3+ Kd7 39. Qg1 Rxa2 40. Bg2 g5
41. Qe3 Qh6+ 42. Kg3 Qh4+ 43. Kf3 Qxh2 44. Qd4+ Qd6 45. Qg7+ Qe7 46. Qd4+ Ke8 47. Kg3 Qc7+ 48. Kh3 Rc2 49. Qh8+ Kd7 50. Qxh7+ Kc8
51. Qg8+ Qd8 52. Qe6+ Kc7 53. Qe5+ Kb6 54. Qe6+ Kc7 55. Qe5+ Qd6 56. Qa5+ Qb6 57. Qe5+ Qd6 58. Qg7+ Qd7 59. Qxg5 Rc3+ 60. Kh4 Qh7+
61. Qh5 Qxh5+ 62. Kxh5 Rxb3 63. g5 Rg3 64. Be4 Kd8 65. g6 Ke8 66. Kh6 Kf8 67. Bf5 a5 68. Bd7 Rg2 69. Bc6 Rg4 70. Bf3 Rg3
71. Bc6 Rh3+ 72. Kg5 Kg7 73. Be8 Ra3 74. Bf7 a4 75. Kf5 Ra1 76. Kg5 a3 77. Kf5 Rf1+ 78. Ke6 a2
0-1

[Event "The Frying of Many Livers"]
[Site "SchemingMind.com"]
[Date "2008.02.12"]
[Round "-"]
[White "matizccc"]
[Black "Negrito19"]
[Result "0-1"]
[WhiteCountry "ROU"]
[BlackCountry "ARG"]
[WhiteElo "1673"]
[WhiteRD "64"]
[BlackElo "1627"]
[BlackRD "67"]
[GameID "140921"]

1. e4 e5 2. Nf3 Nc6 3. Bc4 Nf6 4. Ng5 d5 5. exd5 Nxd5 6. Nxf7 Kxf7 7. Qf3+ Ke6 8. Nc3 Nb4 9. O-O c6 10. Bb3 b5
11. a3 Nxc2 12. Bxc2 Nxc3 13. dxc3 Bd7 14. Bb3+ Kd6 15. c4 bxc4 16. Bxc4 Qf6 17. Qd3+ Kc7 18. Bd2 Bc5 19. b4 Bf5 20. Qg3 Bd6
21. f4 e4 22. Bc3 Qg6 23. Qxg6 hxg6 24. Bxg7 Rhe8 25. h3 e3 26. Rae1 Re4 27. Bd3 Re7 28. Bxf5 gxf5 29. Bd4 e2 30. Rf2 Re4
31. Rexe2 Rxd4 32. g3 Rd3 33. g4 Rg8 34. g5 Rxh3 35. Ra2 Rh4 36. Rg2 Bxf4 37. g6 Be3+ 38. Kf1 Rg4 39. Rae2 Bd4 40. Rxg4 fxg4
41. Re4 Rf8+ 42. Kg2 Bb2 43. a4 Kd6 44. Rxg4 Bg7 45. Kh3 Rf3+ 46. Kg2 Ra3 47. a5 Ke5 48. Rc4 Kd6 49. Rf4 Be5 50. Rg4 Bg7
51. Rf4 Ke6 52. Rf7 Bd4 53. Rf4 Rd3 54. Rg4 Bg7 55. Rf4 Rd5 56. Rf7 Rg5+ 57. Kh3 Bd4 58. Rf4 Ke5 59. Rg4 Rxg4 60. Kxg4 Kf6
61. a6 Bc3 62. Kh5 Kg7 63. Kg5 Bxb4 64. Kf5 c5 65. Ke4 Be1
0-1

[Event "The Frying of Many Livers"]
[Site "SchemingMind.com"]
[Date "2008.02.08"]
[Round "-"]
[White "lemmie"]
[Black "Negrito19"]
[Result "1-0"]
[WhiteCountry "NED"]
[BlackCountry "ARG"]
[WhiteElo "1768"]
[WhiteRD "55"]
[BlackElo "1610"]
[BlackRD "63"]
[GameID "140922"]

1. e4 e5 2. Nf3 Nc6 3. Bc4 Nf6 4. Ng5 d5 5. exd5 Nxd5 6. Nxf7 Kxf7 7. Qf3+ Ke6 8. Nc3 Nb4 9. Qe4 c6 10. a3 b5
11. Bb3 Na6 12. d4 Qd6 13. Bf4 Kd7 14. Bxe5 Nf6 15. Qf3 Qe7 16. O-O Kd8 17. Qxc6 Qb7 18. Bxf6+ gxf6 19. Qxf6+ Qe7 20. Qxh8 Bf5
21. Rfe1 Qd6 22. Nxb5 Qh6 23. Qe5 Bd7 24. Bf7 Bxb5 25. Qd5+ Qd6 26. Qxa8+ Nb8 27. Re6 Qc7 28. Qd5+ Bd6 29. Qxb5 Qxf7 30. Rxd6+ Nd7
31. Qb8+ Ke7 32. Re1+ Qe6 33. Rexe6+ Kf7 34. Qe8+ Kg7 35. Re7#
1-0

[Event "The Frying of Many Livers"]
[Site "SchemingMind.com"]
[Date "2008.02.12"]
[Round "-"]
[White "safoocat"]
[Black "Negrito19"]
[Result "0-1"]
[WhiteCountry "USA"]
[BlackCountry "ARG"]
[WhiteElo "1461"]
[WhiteRD "82"]
[BlackElo "1647"]
[BlackRD "64"]
[GameID "140923"]

1. e4 e5 2. Nf3 Nc6 3. Bc4 Nf6 4. Ng5 d5 5. exd5 Nxd5 6. Nxf7 Kxf7 7. Qf3+ Ke6 8. Nc3 Nb4 9. Bxd5+ Nxd5 10. O-O Nxc3
11. bxc3 Qf6 12. Qe4 Bd6 13. d4 Kf7 14. Rb1 Bf5 15. dxe5 Bxe5 16. Qxb7 Rab8 17. Qxb8 Rxb8 18. Rxb8 Bxc2 19. Rb2 Qg6 20. Bd2 Bd3
21. Re1 Qh5 22. h3 Bd6 23. Rb7 a5 24. a4 Qg6 25. Ra7 Be4 26. Rxe4 Qxe4
0-1

[Event "The Frying of Many Livers"]
[Site "SchemingMind.com"]
[Date "2008.02.08"]
[Round "-"]
[White "M. Clark"]
[Black "Negrito19"]
[Result "0-1"]
[WhiteCountry "USA"]
[BlackCountry "ARG"]
[WhiteElo "1336"]
[WhiteRD "78"]
[BlackElo "1647"]
[BlackRD "64"]
[GameID "140924"]

1. e4 e5 2. Nf3 Nc6 3. Bc4 Nf6 4. Ng5 d5 5. exd5 Nxd5 6. Nxf7 Kxf7 7. Qf3+ Ke6 8. Nc3 Nb4 9. Qg4+ Kd6 10. Ne4+ Kc6
11. Bxd5+ Nxd5 12. Qf3 b6 13. c4 Be6 14. cxd5+ Bxd5
0-1